Why they wrote the New Testament, (Record no. 7427)

MARC details
000 -LEADER
fixed length control field 00839cam a22002531 4500
001 - CONTROL NUMBER
control field 10217220
003 - CONTROL NUMBER IDENTIFIER
control field GBCCL
005 - DATE AND TIME OF LATEST TRANSACTION
control field 20241126110628.0
008 - FIXED-LENGTH DATA ELEMENTS--GENERAL INFORMATION
fixed length control field 801031s1946 tnu 000 0 eng
010 ## -
-- 46020732
035 ## - SYSTEM CONTROL NUMBER
System control number (OCoLC)6885561
040 ## - CATALOGING SOURCE
Original cataloging agency DLC
Transcribing agency NbU
Modifying agency DLC
042 ## -
-- premarc
050 00 -
-- BS2370
-- .C3
082 ## - DEWEY DECIMAL CLASSIFICATION NUMBER
Classification number 225
Item number CAR
100 1# - MAIN ENTRY--PERSONAL NAME
Personal name Carver, William Owen,
Dates associated with a name 1868-1954.
9 (RLIN) 13130
245 10 - TITLE STATEMENT
Title Why they wrote the New Testament,
Statement of responsibility, etc. by William Owen Carver.
260 ## - PUBLICATION, DISTRIBUTION, ETC.
Place of publication, distribution, etc. Nashville, Tenn.,
Name of publisher, distributor, etc. The Sunday School Board of the Southern Baptist Convention
Date of publication, distribution, etc. [1946]
300 ## - PHYSICAL DESCRIPTION
Extent 147 p.
Dimensions 19 cm.
630 00 - SUBJECT ADDED ENTRY--UNIFORM TITLE
Uniform title Bible.
Name of part/section of a work New Testament
General subdivision Criticism, interpretation, etc.
9 (RLIN) 338
710 2# - ADDED ENTRY--CORPORATE NAME
Corporate name or jurisdiction name as entry element Southern Baptist Convention.
Subordinate unit Sunday School Board.
9 (RLIN) 6027
906 ## - LOCAL DATA ELEMENT F, LDF (RLIN)
a 7
b cbc
c oclcrpl
d u
e ncip
f 19
g y-gencatlg
942 ## - ADDED ENTRY ELEMENTS (KOHA)
Source of classification or shelving scheme Dewey Decimal Classification
Koha item type Books
Koha issues (borrowed), all copies 1
Holdings
Withdrawn status Lost status Source of classification or shelving scheme Damaged status Not for loan Home library Current Library Shelving location Date acquired Total checkouts Full call number Barcode Date last seen Date last checked out Copy number Price effective from Koha item type
    Dewey Decimal Classification     GRACE BIBLE COLLEGE GRACE BIBLE COLLEGE Biblical Studies 2018-08-07 1 225 CAR 002553 2025-05-01 2019-09-10 c.1 2018-08-07 Books
© Grace Bible College Library 2025